Statistiques concernant Quiz Sur Les maestro #Noplp : Arsène

Cliquez ici pour prendre le quiz!

Statistiques générales

  • Ce quiz a été pris 40 fois
    (35 depuis la dernière actualisation)
  • Le résultat moyen est 18 sur 56

Statistiques - réponses

IndiceAnswers% Correct
Maestro après ArsèneMaureen
76%
Nombre de victoires16
72%
Nombre de fauteuil2
72%
Argent récoltés212000
68%
Même chanson de sa défaiteAïcha
68%
période (mois année)Avril 2020
68%
Artiste de cette chansonKhaled
68%
Nombre de fois irrattrapables9
64%
Sa tante (chanson d'Hallyday)Marie
52%
VilleRouen
52%
Artiste préféré d'ArsèneMichel Sardou
48%
Maestro affronté en 16ème (2020)Dorian
44%
Sa tante (chanson de Bécaud)Nathalie
44%
Maestro affronté en Demi (2020)Paul
44%
Artiste de cette chansonGrégoire
40%
Finaliste des masters 2020Mickael
40%
1ère même chansonToi + moi
40%
Même chanson de sa victoire
au masters 2020
Femme libérée
36%
Mot que ce dernier n'a pas trouvé
sur cette chanson
Non
36%
Maestro qui élimina Arsène en 2021Tony
36%
Maestro affronté en 8ème (2020)Violaine
36%
Jour de fin10
32%
Artiste de cette chansonCookie Dingler
32%
Maestro affronté en Quart (2020)Hervé
32%
Mal-aimée qui a permis à Arsène
de réalisé son 2ème plus grand rêve
Le Youki
32%
Mal-aimée qui a permis à Arsène
de réalisé son plus grand rêve
Merguez-Partie
32%
Artiste de cette chansonRichard Gotainer
32%
Maestro en équipe
au Tournois 2020 (Chapeau 1)
Violaine
32%
Jour du début1er
28%
Position à la fin de son parcours8ème
28%
Chanson d'entréeCopacabana
28%
Maestro en équipe
au Tournois 2021 (Chapeau 1)
Jennifer
28%
Quel animal a été tué par ce chienbébé chevreuil
24%
Maestro affronté en 8ème (2021)Caroline
24%
(presque) Anagramme de Nagui
trouvé par Arsène
Iguane
24%
Maestro en équipe
au Tournois 2020 (Chapeau 3)
Julien
24%
Maestro affronté en Demi (2021)Kévin
24%
Artiste de cette chansonLes musclés
24%
Gain au Masters 2020112000
20%
Maestro en équipe
au Tournois 2021 (Chapeau 3)
Lucile
20%
Maestro affronté en Quart (2021)Lucile
20%
Diplôme en cours d'obtentionMaster d'histoire
20%
Maestro avant ArsènePauline
20%
Gain au Masters 2021101000
16%
Son chienBiniou
16%
Maestro affronté en 16ème (2021)Denis
16%
Que chante Arsène lors
de cette anecdote
J'aime regarder
les filles
16%
Chanson préférée d'ArsèneMusulmanes
12%
Anagramme d'Arsène
trouvé par Nagui
ne sera
12%
Artiste de cette chansonPatrick Coutin
12%
Artiste de cette chansonWilliam Sheller
12%
En quelle année "De mémoire"
est sortie cette chanson
1981
8%
Artiste de cette chansonBarry Manilow
8%
"Avec ces yeux de ..."Chippie
8%
1ere chanson à thèmeRock'n dollards
8%
"je le vois plus de la même façon
quand je le vois ..."
jouer avec un enfant
4%

Distribution des résultats

Percentile par nombre de réponses

% des personnes avec chaque résultat

Votre développement - résultats

Vous n’avez pas pris ce quiz depuis la dernière actualisation